[Event "Junior Online 4NCL Division 4"]
[Site "online"]
[Date "2021.10.28"]
[EventDate "2021.10.28"]
[Round "6.92"]
[White "Ciutac, Stefan"]
[WhiteElo "1080"]
[WhiteTeam "Chess Challengers E"]
[Black "Mupfiga, Thabiso"]
[BlackElo "1100"]
[BlackTeam "Leeds Juniors 4"]
[Result "0-1"]
[PlyCount "116"]

1. c4 c6 2. g3 d5 3. cxd5 cxd5 4. Bg2 Nf6 5. Nc3 Bf5 6. e3 e6 7. d4 Bb4 8. Bd2 O-O 9. Nge2 Nc6 10. O-O Re8 11. a3 Ba5 12. b4 Bb6 13. Na4 Bc7 14. Nc5 b6 15. Nb3 Ne4 16. Rc1 Ne7 17. Qc2 Rc8 18. Qd1 Ng6 19. Nc3 Nxc3 20. Rxc3 e5 21. Qh5 Qd7 22. Bxd5 Qxd5 23. Qxf5 Ne7 24. Qc2 exd4 25. Nxd4 Qd7 26. Bc1 Nd5 27. Rd3 Be5 28. Qd2 Rc7 29. Nf3 Bf6 30. Rxd5 Qc6 31. Bb2 Bxb2 32. Rd6 Qc3 33. Rb1 Bxa3 34. Qxc3 Rxc3 35. Ne5 f6 36. Nc6 a5 37. bxa5 Bxd6 38. axb6 Rxc6 39. b7 Kf7 40. Kf1 Rb8 41. Ke2 Rc7 42. Rd1 Bf8 43. Rd4 Rbxb7 44. Rh4 h6 45. Rd4 Rb2+ 46. Kf3 g5 47. h4 h5 48. hxg5 fxg5 49. Rd5 g4+ 50. Kf4 Rc4+ 51. Kg5 Rc5 52. Rxc5 Bxc5 53. Kxh5 Rxf2 54. Kxg4 Bxe3 55. Kh4 Kg6 56. Kg4 Bc1 57. Kh4 Kf5 58. Kh5 Rh2# 0-1

[Event "Junior Online 4NCL Division 4"]
[Site "online"]
[Date "2021.10.28"]
[EventDate "2021.10.28"]
[Round "6.93"]
[White "Elsabbagh, Ahmed"]
[WhiteElo "1123"]
[WhiteTeam "Leeds Juniors 4"]
[Black "Chavan, Aarav"]
[BlackElo "1065"]
[BlackTeam "Chess Challengers E"]
[Result "1-0"]
[PlyCount "101"]

1. e4 c5 2. Nf3 d6 3. Nc3 Nc6 4. Bb5 g6 5. Bxc6+ bxc6 6. O-O d5 7. d4 Ba6 8. Re1 dxe4 9. Nxe4 cxd4 10. Nc5 Bb5 11. Nxd4 e5 12. Nxb5 Qxd1 13. Rxd1 Bxc5 14. Nc7+ Ke7 15. Nxa8 Nf6 16. Bg5 Rxa8 17. Bxf6+ Kxf6 18. Rd3 Bd4 19. c3 Bc5 20. Rad1 e4 21. Rh3 Rb8 22. b4 Bd6 23. Rxh7 Be5 24. Rh3 Bxc3 25. Rxc3 Rxb4 26. f3 Rb2 27. Rxc6+ Ke5 28. fxe4 Kxe4 29. Rc4+ Ke3 30. Kf1 Rf2+ 31. Kg1 Ke2 32. Rc2+ Kxd1 33. Rxf2 Ke1 34. Rxf7 g5 35. Rg7 g4 36. Rxg4 a5 37. Ra4 Ke2 38. Rxa5 Ke3 39. Rb5 Kf4 40. a4 Ke4 41. a5 Kd4 42. Rh5 Kc4 43. a6 Kb4 44. a7 Kc3 45. a8=Q Kd2 46. Qa5+ Ke2 47. Rh3 Kd1 48. Qa2 Ke1 49. Re3+ Kd1 50. Kf1 Kc1 51. Re1# 1-0

[Event "Junior Online 4NCL Division 4"]
[Site "online"]
[Date "2021.10.28"]
[EventDate "2021.10.28"]
[Round "6.94"]
[White "Moiseev, Mikhail"]
[WhiteElo "1070"]
[WhiteTeam "Chess Challengers E"]
[Black "Vyas, Miraya"]
[BlackElo "1053"]
[BlackTeam "Leeds Juniors 4"]
[Result "1-0"]
[PlyCount "85"]

1. e4 e5 2. Nf3 Nc6 3. Nc3 Bc5 4. d3 Nf6 5. Be2 Ng4 6. O-O d6 7. h3 Nf6 8. Be3 Bxe3 9. fxe3 O-O 10. Nd5 Nxd5 11. exd5 Ne7 12. c4 c6 13. dxc6 bxc6 14. d4 exd4 15. exd4 d5 16. cxd5 cxd5 17. Qd3 Bf5 18. Qd2 Ng6 19. Ne5 Qc8 20. Nxg6 Bxg6 21. Rac1 Qe6 22. Bg4 Qd6 23. Qf4 Qxf4 24. Rxf4 Rab8 25. b3 Rb6 26. Bf3 Ra6 27. a4 Rb6 28. Bxd5 Rd8 29. Bc4 h6 30. Rcf1 Bc2 31. Bxf7+ Kh7 32. R1f3 Bxb3 33. Rxb3 Rxb3 34. Bxb3 Rb8 35. Bc2+ Kh8 36. d5 Rd8 37. Rd4 Rc8 38. d6 Rd8 39. d7 Kg8 40. Bf5 Kf7 41. Re4 a5 42. Re5 Re8 43. dxe8=Q+ 1-0

[Event "Junior Online 4NCL Division 4"]
[Site "online"]
[Date "2021.10.28"]
[EventDate "2021.10.28"]
[Round "6.96"]
[White "Mupfiga, Thabiso"]
[WhiteElo "1100"]
[WhiteTeam "Leeds Juniors 4"]
[Black "Ciutac, Stefan"]
[BlackElo "1080"]
[BlackTeam "Chess Challengers E"]
[Result "1-0"]
[PlyCount "85"]

1. d4 e6 2. Nf3 d5 3. Bf4 c5 4. c3 Nc6 5. e3 Nh6 6. Bd3 Nf5 7. Nbd2 Be7 8. Qc2 c4 9. Be2 O-O 10. O-O-O Qa5 11. a3 Qb6 12. Rdg1 a5 13. g4 Nh4 14. g5 Nxf3 15. Bxf3 Qd8 16. h4 b5 17. h5 b4 18. h6 g6 19. Bg4 bxa3 20. bxa3 Qb6 21. a4 Ra7 22. Nf3 Rb7 23. Ne5 Nxe5 24. Bxe5 Ba3+ 25. Kd1 Qb1+ 26. Qxb1 Rxb1+ 27. Ke2 Rb2+ 28. Kf3 Rc2 29. Ra1 Bb2 30. Ra2 Bd7 31. Rb1 Ra8 32. Rbxb2 Rxb2 33. Rxb2 Bxa4 34. Rb7 Bd1+ 35. Kg3 Bxg4 36. Kxg4 a4 37. Bd6 a3 38. Bxa3 Re8 39. Bd6 Kh8 40. Rxf7 Kg8 41. Rg7+ Kh8 42. Be5 Rf8 43. Rxg6+ 1-0

[Event "Junior Online 4NCL Division 4"]
[Site "online"]
[Date "2021.10.28"]
[EventDate "2021.10.28"]
[Round "6.97"]
[White "Chavan, Aarav"]
[WhiteElo "1065"]
[WhiteTeam "Chess Challengers E"]
[Black "Elsabbagh, Ahmed"]
[BlackElo "1123"]
[BlackTeam "Leeds Juniors 4"]
[Result "1-0"]
[PlyCount "73"]

1. e4 e6 2. c4 d5 3. cxd5 exd5 4. Qb3 dxe4 5. Bc4 Qe7 6. Nc3 Qf6 7. Nxe4 Qe7 8. d3 Nf6 9. Bg5 Nc6 10. Bxf6 gxf6 11. O-O-O Nd4 12. Qa4+ Bd7 13. Qa5 Bh6+ 14. Kb1 b6 15. Qd5 Nf5 16. Qxa8+ Qd8 17. Qxa7 b5 18. Bb3 O-O 19. Qa6 Kg7 20. Ng3 Nxg3 21. hxg3 Bg4 22. f3 Bd7 23. Ne2 Qe7 24. Nf4 Rg8 25. Qb7 Bf5 26. Nh5+ Kg6 27. Qxb5 Bd7 28. Qc4 Be6 29. Qd4 Rd8 30. Qe4+ Bf5 31. Qxe7 Bxd3+ 32. Rxd3 Rxd3 33. Bc2 Kg5 34. Bxd3 Bg7 35. Qxf7 Kh6 36. Nf4+ Kg5 37. Qh5# 1-0

[Event "Junior Online 4NCL Division 4"]
[Site "online"]
[Date "2021.10.28"]
[EventDate "2021.10.28"]
[Round "6.98"]
[White "Vyas, Miraya"]
[WhiteElo "1053"]
[WhiteTeam "Leeds Juniors 4"]
[Black "Moiseev, Mikhail"]
[BlackElo "1070"]
[BlackTeam "Chess Challengers E"]
[Result "0-1"]
[PlyCount "62"]

1. e4 e5 2. Nf3 Nc6 3. Bc4 Be7 4. O-O Nf6 5. Nc3 O-O 6. d3 d6 7. d4 exd4 8. Nxd4 Nxd4 9. Qxd4 c5 10. Qd3 a6 11. Nd5 b5 12. Nxf6+ Bxf6 13. Bd5 Rb8 14. Qg3 g6 15. Bh6 Re8 16. f4 Bd4+ 17. Kh1 Bxb2 18. Rab1 Bg7 19. Bxg7 Kxg7 20. f5 Rf8 21. fxg6 fxg6 22. Qc3+ Rf6 23. Rxf6 Qxf6 24. Qxf6+ Kxf6 25. Rf1+ Kg7 26. Rf7+ Kh6 27. Rf4 Bb7 28. Bxb7 Rxb7 29. Rh4+ Kg7 30. Rf4 Rf7 31. Rg4 Rf1# 0-1

[Event "Junior Online 4NCL Division 4"]
[Site "online"]
[Date "2021.10.28"]
[EventDate "2021.10.28"]
[Round "6.101"]
[White "Raj, Anrudh"]
[WhiteElo "1210"]
[WhiteTeam "Crowthorne Juniors"]
[Black "Jinturkar, Paras"]
[BlackElo "1000"]
[BlackTeam "KEGS C"]
[Result "0-1"]
[PlyCount "28"]

1. e4 e5 2. Nc3 Nc6 3. Bc4 Qg5 4. Nf3 Qg6 5. Nd5 Qxe4+ 6. Ne3 Nd4 7. d3 Nxf3+ 8. gxf3 Qg6 9. Nd5 Bd6 10. f4 c6 11. Ne3 exf4 12. Nf1 Qg2 13. Qh5 Nh6 14. Qe2+ Kd8 0-1

[Event "Junior Online 4NCL Division 4"]
[Site "online"]
[Date "2021.10.28"]
[EventDate "2021.10.28"]
[Round "6.103"]
[White "Das, Arjit"]
[WhiteElo "1090"]
[WhiteTeam "Crowthorne Juniors"]
[Black "Fernandes, Dion"]
[BlackElo "1000"]
[BlackTeam "KEGS C"]
[Result "0-1"]
[PlyCount "60"]

1. e4 e5 2. Nf3 Nc6 3. Bc4 Nd4 4. Nxe5 Qg5 5. Nxf7 Qxg2 6. Nxh8 Qxh1+ 7. Bf1 Qxe4+ 8. Be2 Nxc2+ 9. Qxc2 Qxc2 10. Nc3 Qf5 11. d3 Nf6 12. Be3 g6 13. d4 Bg7 14. Nf7 Kxf7 15. Bc4+ d5 16. Bb5 c6 17. Ba4 b5 18. Bb3 Qg4 19. Bd1 Qg1+ 20. Kd2 Qxh2 21. Ne2 Ne4+ 22. Kd3 Nxf2+ 23. Kd2 Nxd1 24. Rxd1 Bg4 25. Rf1+ Kg8 26. Bf4 Qxe2+ 27. Kc3 b4+ 28. Kxb4 Qc4+ 29. Ka3 Bf8+ 30. b4 Qxb4# 0-1

[Event "Junior Online 4NCL Division 4"]
[Site "online"]
[Date "2021.10.28"]
[EventDate "2021.10.28"]
[Round "6.104"]
[White "Siriwardana, Neil"]
[WhiteElo "980"]
[WhiteTeam "KEGS C"]
[Black "De Silva, Dylan"]
[BlackElo "962"]
[BlackTeam "Crowthorne Juniors"]
[Result "0-1"]
[PlyCount "44"]

1. d4 d5 2. e3 Nf6 3. Nc3 e6 4. Nf3 Nc6 5. Bd2 Bd6 6. Ne5 Nxe5 7. dxe5 Bxe5 8. Be2 O-O 9. O-O h6 10. e4 dxe4 11. Nxe4 Nxe4 12. f3 Nxd2 13. Qe1 Nxf1 14. Qxf1 Qd4+ 15. Kh1 Qxb2 16. Rd1 Qxc2 17. Bb5 c6 18. Be2 b6 19. h3 Bb7 20. a3 Qg6 21. Bd3 Qg3 22. Be2 Qh2# 0-1

[Event "Junior Online 4NCL Division 4"]
[Site "online"]
[Date "2021.10.28"]
[EventDate "2021.10.28"]
[Round "6.105"]
[White "Jinturkar, Paras"]
[WhiteElo "1000"]
[WhiteTeam "KEGS C"]
[Black "Raj, Anrudh"]
[BlackElo "1210"]
[BlackTeam "Crowthorne Juniors"]
[Result "1-0"]
[PlyCount "89"]

1. e4 e5 2. Nf3 Nc6 3. Bc4 Nf6 4. Ng5 d5 5. exd5 Nxd5 6. Qf3 Be6 7. Bxd5 Qxd5 8. Nc3 Qxf3 9. Nxf3 O-O-O 10. d3 Bb4 11. a3 Ba5 12. Ng5 h6 13. Nxe6 fxe6 14. b4 Bb6 15. a4 Bd4 16. Nb5 Bxa1 17. Bd2 Bd4 18. c3 Bxc3 19. Bxc3 Rxd3 20. O-O a6 21. Bb2 Rhd8 22. Nc3 Rd2 23. Ba1 R8d3 24. b5 axb5 25. axb5 Nb4 26. Rc1 Na2 27. h3 Nxc1 28. Ne4 Ne2+ 29. Kh2 Rd1 30. Bxe5 Rb3 31. Nc5 Rbb1 32. g3 Rh1+ 33. Kg2 Rbg1+ 34. Kf3 Re1 35. Nd3 Ng1+ 36. Kg2 Rf1 37. Kxf1 Nxh3+ 38. Kg2 Rd1 39. Nb2 Rd5 40. Bxg7 Rxb5 41. Kxh3 Rh5+ 42. Kg4 Rf5 43. Bxh6 Rxf2 44. Nd3 Rd2 45. Bxd2 1-0

[Event "Junior Online 4NCL Division 4"]
[Site "online"]
[Date "2021.10.28"]
[EventDate "2021.10.28"]
[Round "6.107"]
[White "Fernandes, Dion"]
[WhiteElo "1000"]
[WhiteTeam "KEGS C"]
[Black "Das, Arjit"]
[BlackElo "1090"]
[BlackTeam "Crowthorne Juniors"]
[Result "1-0"]
[PlyCount "129"]

1. e4 e5 2. Nf3 Nc6 3. Bc4 Bc5 4. d3 Nf6 5. Ng5 O-O 6. c3 d6 7. d4 exd4 8. cxd4 Bxd4 9. Bb5 Bg4 10. f3 Bd7 11. Bxc6 Bc5 12. Bxd7 Qxd7 13. e5 dxe5 14. Qxd7 Nxd7 15. Nc3 Bb4 16. Bd2 Nc5 17. Nd5 Bxd2+ 18. Kxd2 Rad8 19. Kc3 Rxd5 20. Kc4 c6 21. b4 Nd3 22. Kc3 e4 23. fxe4 Rb5 24. Kxd3 Rxg5 25. g3 Rd8+ 26. Ke3 g6 27. Kf4 Rb5 28. Rab1 c5 29. bxc5 Rxc5 30. Rxb7 a5 31. Re1 Rd3 32. Rb8+ Kg7 33. e5 Rd2 34. h4 Rxa2 35. Rb7 Ra4+ 36. Kf3 Ra3+ 37. Ke4 a4 38. e6 Rxg3 39. e7 Rc8 40. Ra7 Rg4+ 41. Kd5 Rxh4 42. e8=Q Rxe8 43. Rxe8 Rh5+ 44. Kc4 Rh4+ 45. Kb5 h5 46. Rxa4 Rh3 47. Re7 Rh2 48. Rf4 Rb2+ 49. Kc4 Kh6 50. Rexf7 Rh2 51. Kd3 h4 52. Rg4 h3 53. Rf8 Kh5 54. Rg3 g5 55. Rh8+ Kg6 56. Rhxh3 Rxh3 57. Rxh3 Kf5 58. Ke3 g4 59. Rh1 Kg5 60. Rg1 Kh4 61. Kf4 g3 62. Rxg3 Kh5 63. Kf5 Kh4 64. Rf3 Kh5 65. Rh3# 1-0

[Event "Junior Online 4NCL Division 4"]
[Site "online"]
[Date "2021.10.28"]
[EventDate "2021.10.28"]
[Round "6.108"]
[White "De Silva, Dylan"]
[WhiteElo "962"]
[WhiteTeam "Crowthorne Juniors"]
[Black "Siriwardana, Neil"]
[BlackElo "980"]
[BlackTeam "KEGS C"]
[Result "1-0"]
[PlyCount "49"]

1. e4 e5 2. Nf3 Nc6 3. Bc4 Nf6 4. Nc3 Be7 5. d4 exd4 6. Nxd4 Nxd4 7. Qxd4 O-O 8. O-O Bb4 9. Nd5 Nxd5 10. Qxd5 c6 11. Qe5 Re8 12. Qg3 Qc7 13. Qxc7 Rxe4 14. Qd8+ Bf8 15. Re1 Rxe1+ 16. Bf1 Re5 17. Qc7 Rc5 18. Qg3 Rxc2 19. Bh6 g6 20. Bxf8 Kxf8 21. Qd6+ Kg7 22. Qe5+ Kf8 23. Qh8+ Ke7 24. Re1+ Kd6 25. Qe5# 1-0

[Event "Junior Online 4NCL Division 4"]
[Site "online"]
[Date "2021.10.28"]
[EventDate "2021.10.28"]
[Round "6.114"]
[White "Singh-Raj, Aryan"]
[WhiteElo "1154"]
[WhiteTeam "JHJ Shark Tank 8"]
[Black "Li, Leo"]
[BlackElo "1289"]
[BlackTeam "London Dragons Dysprosium"]
[Result "1-0"]
[PlyCount "153"]

1. e4 e5 2. Nf3 Nc6 3. Bb5 Qe7 4. O-O Nf6 5. Nc3 Nd4 6. Nxd4 exd4 7. Nd5 Nxd5 8. exd5 Qc5 9. Re1+ Be7 10. Qe2 c6 11. dxc6 dxc6 12. Bd3 Be6 13. Qe4 g6 14. b3 Bf5 15. Qe5 Qxe5 16. Rxe5 Bxd3 17. cxd3 Rd8 18. Ba3 Rd7 19. Rae1 f6 20. Rxe7+ Rxe7 21. Rxe7+ Kd8 22. Rxb7 Re8 23. Kf1 a5 24. Rxh7 g5 25. Rh6 Re6 26. Bc5 Kd7 27. Bxd4 Rd6 28. Bxf6 Rxd3 29. Bxg5 Kc7 30. Rh7+ Kb6 31. Be3+ Kb5 32. Rb7+ Ka6 33. Rb6+ Ka7 34. Rxc6+ Kb7 35. Rb6+ Kc7 36. Ra6 Rd5 37. Bf4+ Kb7 38. Rh6 Ka7 39. Be3+ Kb7 40. Rb6+ Kc7 41. Rh6 Kb7 42. Ke2 Kc7 43. f4 Kb7 44. g4 Kc7 45. f5 Kd7 46. Re6 Rb5 47. g5 Rxf5 48. Rg6 Ke7 49. Bc5+ Kf7 50. Rh6 Rxc5 51. Ra6 Rxg5 52. Kf3 Ke7 53. Rh6 Kf7 54. Rh3 Kg6 55. Rg3 Rxg3+ 56. Kxg3 Kg5 57. d4 Kf5 58. h4 Ke6 59. h5 Kf7 60. d5 Kf6 61. h6 Kg6 62. d6 a4 63. bxa4 Kxh6 64. d7 Kg6 65. d8=Q Kf7 66. Qd6 Ke8 67. Kf4 Kf7 68. Kg5 Ke8 69. Qc6+ Kd8 70. Kf5 Ke7 71. Qf6+ Ke8 72. Qg7 Kd8 73. Ke6 Kc8 74. Kd6 Kb8 75. Kc6 Ka8 76. Kb6 Kb8 77. Qg8# 1-0

[Event "Junior Online 4NCL Division 4"]
[Site "online"]
[Date "2021.10.28"]
[EventDate "2021.10.28"]
[Round "6.118"]
[White "Li, Leo"]
[WhiteElo "1289"]
[WhiteTeam "London Dragons Dysprosium"]
[Black "Singh-Raj, Aryan"]
[BlackElo "1154"]
[BlackTeam "JHJ Shark Tank 8"]
[Result "1-0"]
[PlyCount "65"]

1. Nf3 d5 2. d4 Nc6 3. Nc3 Nf6 4. Bg5 h6 5. Bxf6 exf6 6. e3 Bg4 7. Be2 Bb4 8. Qd3 Qd7 9. O-O-O Bf5 10. e4 dxe4 11. Nxe4 O-O 12. a3 Bd6 13. Nh4 Bh7 14. Qe3 Rfe8 15. f3 Bxe4 16. fxe4 Qg4 17. Bxg4 g5 18. Nf5 Bf4 19. Nxh6+ Kh7 20. Qxf4 gxf4 21. Nxf7 Rxe4 22. Bf5+ Kg7 23. Bxe4 Kxf7 24. Bd5+ Kg6 25. Bxc6 bxc6 26. d5 cxd5 27. Rxd5 f5 28. Rf1 Kg5 29. g3 fxg3 30. hxg3 Kg4 31. Rdxf5 Kxg3 32. Rg5+ Kh4 33. Rg2 1-0

[Event "Junior Online 4NCL Division 4"]
[Site "online"]
[Date "2021.10.28"]
[EventDate "2021.10.28"]
[Round "6.131"]
[White "Phillips, Thomas"]
[WhiteElo "909"]
[WhiteTeam "Brentwood School C"]
[Black "McAndrew, Rory"]
[BlackElo "1146"]
[BlackTeam "Ojays F"]
[Result "0-1"]
[PlyCount "76"]

1. d4 d5 2. Bf4 Nf6 3. e3 Nc6 4. c3 Bf5 5. Bd3 Bg4 6. Nf3 Ne4 7. Bxe4 dxe4 8. h3 exf3 9. hxg4 fxg2 10. Rg1 e6 11. Rxg2 Be7 12. Nd2 h6 13. Nc4 Bg5 14. Bxg5 hxg5 15. Qe2 Rh1+ 16. Kd2 Rxa1 17. Rh2 Ke7 18. a3 Qd5 19. b4 Ra2+ 20. Kd3 Rxe2 21. Kxe2 Qxc4+ 22. Kf3 Nxd4+ 23. exd4 Qxc3+ 24. Ke4 Qe1+ 25. Kd3 Rd8 26. Kc4 b5+ 27. Kxb5 Rd5+ 28. Kc6 Qc1+ 29. Kb7 Rb5+ 30. Kc8 Qxa3 31. Rh8 Qxb4 32. Rd8 Rb8+ 33. Kxc7 Qc4+ 34. Kxb8 Kxd8 35. Kxa7 Kc7 36. Ka8 Qb5 37. Ka7 Qb8+ 38. Ka6 Qb6# 0-1

[Event "Junior Online 4NCL Division 4"]
[Site "online"]
[Date "2021.10.28"]
[EventDate "2021.10.28"]
[Round "6.132"]
[White "Gabb, Percy"]
[WhiteElo "1100"]
[WhiteTeam "Ojays F"]
[Black "Edinburgh, Christian"]
[BlackElo "800"]
[BlackTeam "Brentwood School C"]
[Result "0-1"]
[PlyCount "42"]

1. e4 e5 2. Nf3 d6 3. Bc4 Nf6 4. Ng5 d5 5. exd5 Nxd5 6. Nc3 Be6 7. Nxe6 fxe6 8. Nxd5 exd5 9. Bb5+ c6 10. Bd3 Bc5 11. b3 O-O 12. Bb2 Qf6 13. O-O Bxf2+ 14. Rxf2 Qxf2+ 15. Kh1 Rf6 16. Bf1 Na6 17. Bxe5 Rf5 18. Bb2 Raf8 19. h3 Nc5 20. Be2 Rg5 21. h4 Qxg2# 0-1

[Event "Junior Online 4NCL Division 4"]
[Site "online"]
[Date "2021.10.28"]
[EventDate "2021.10.28"]
[Round "6.133"]
[White "Stent, Elena"]
[WhiteElo "850"]
[WhiteTeam "Brentwood School C"]
[Black "Gascoyne, Thomas"]
[BlackElo "1108"]
[BlackTeam "Ojays F"]
[Result "0-1"]
[PlyCount "60"]

1. d3 e5 2. g3 Nf6 3. Nf3 Nc6 4. Bg2 d5 5. O-O Bc5 6. e3 Bf5 7. h3 O-O 8. g4 Be6 9. a3 h6 10. b4 Bd6 11. d4 e4 12. Nfd2 g5 13. f3 exf3 14. Rxf3 b5 15. Qf1 a6 16. Rxf6 Kg7 17. Rf3 f6 18. Nc3 h5 19. e4 dxe4 20. Ncxe4 Nxd4 21. Rxf6 Nxc2 22. Ra2 Rxf6 23. Nxf6 Ne3 24. Qe2 Nxg2 25. Kxg2 Qxf6 26. Ne4 Bd5 27. Bxg5 Qxg5 28. Kf3 Rf8+ 29. Kg2 Qe5 30. gxh5 Qh2# 0-1

[Event "Junior Online 4NCL Division 4"]
[Site "online"]
[Date "2021.10.28"]
[EventDate "2021.10.28"]
[Round "6.134"]
[White "Gray, Anna"]
[WhiteElo "1000"]
[WhiteTeam "Ojays F"]
[Black "Glover, Riley"]
[BlackElo "800"]
[BlackTeam "Brentwood School C"]
[Result "0-1"]
[PlyCount "218"]

1. e4 Nf6 2. Nc3 Nc6 3. Bc4 e6 4. d4 d6 5. Nf3 Be7 6. O-O O-O 7. h3 Bd7 8. Be3 a6 9. Qd2 b5 10. Bd3 b4 11. Ne2 a5 12. a3 bxa3 13. Rxa3 a4 14. Bb5 Nb8 15. Bxd7 Qxd7 16. Qd3 Nc6 17. e5 Nb4 18. Qc3 dxe5 19. dxe5 Ne4 20. Qe1 Nxc2 21. Qb1 Nxa3 22. bxa3 Nc3 23. Nxc3 Bxa3 24. Ng5 g6 25. Rd1 Rab8 26. Qxb8 Qxd1+ 27. Nxd1 Rxb8 28. f3 h6 29. Ne4 Rb1 30. Nc3 Rb3 31. Kh2 f6 32. exf6 Bd6+ 33. Kh1 a3 34. Bc1 a2 35. Nxa2 Rd3 36. Nb2 Rb3 37. Nc4 Bg3 38. Ne3 Rb1 39. Ng4 Ra1 40. Nxh6+ Kf8 41. f7 Rxa2 42. Kg1 Ra1 43. Kf1 Rxc1+ 44. Ke2 Re1+ 45. Kd2 c5 46. Kc3 Re3+ 47. Kc4 Re5 48. Ng4 Rg5 49. Nh6 Rh5 50. Ng4 Kxf7 51. Ne3 Re5 52. Ng4 Rg5 53. Nh6+ Kg7 54. Ng4 e5 55. Kxc5 e4+ 56. Kd4 exf3 57. gxf3 Be5+ 58. Nxe5 Kf6 59. Ng4+ Kf5 60. Ne3+ Kf4 61. h4 Rh5 62. Ng2+ Kxf3 63. Ne1+ Kg3 64. Nd3 Rxh4+ 65. Kc3 Rh3 66. Ne1 Kf2+ 67. Kd2 g5 68. Nd3+ Kf3 69. Ne5+ Kf4 70. Ng6+ Kf5 71. Ne7+ Kf6 72. Nd5+ Ke5 73. Ne3 Rf3 74. Ng4+ Kf4 75. Nf6 Kf5 76. Nd5 g4 77. Ne3+ Kf4 78. Ke2 Rxe3+ 79. Kf2 Rf3+ 80. Kg2 Rg3+ 81. Kf2 Rf3+ 82. Kg2 g3 83. Kg1 Rf2 84. Kh1 g2+ 85. Kh2 g1=Q+ 86. Kxg1 Rf3 87. Kg2 Ke3 88. Kg1 Kf4 89. Kg2 Ra3 90. Kh2 Kf3 91. Kh3 Ra8 92. Kh2 Rg8 93. Kh3 Kf4 94. Kh2 Kf3 95. Kh1 Kf2 96. Kh2 Rg2+ 97. Kh3 Rg1 98. Kh2 Rg8 99. Kh3 Kf3 100. Kh4 Kf4 101. Kh3 Kf3 102. Kh4 Kf4 103. Kh5 Kf5 104. Kh4 Kf4 105. Kh5 Kf5 106. Kh6 Kf6 107. Kh7 Rg1 108. Kh8 Kf7 109. Kh7 Rh1# 0-1

[Event "Junior Online 4NCL Division 4"]
[Site "online"]
[Date "2021.10.28"]
[EventDate "2021.10.28"]
[Round "6.135"]
[White "McAndrew, Rory"]
[WhiteElo "1146"]
[WhiteTeam "Ojays F"]
[Black "Phillips, Thomas"]
[BlackElo "909"]
[BlackTeam "Brentwood School C"]
[Result "0-1"]
[PlyCount "110"]

1. e4 d6 2. d4 g6 3. Nf3 Bg7 4. Nc3 Nf6 5. Bg5 O-O 6. Bc4 Nc6 7. d5 Ne5 8. Nxe5 dxe5 9. Qf3 h6 10. h4 Bg4 11. Qg3 hxg5 12. hxg5 Nxe4 13. Qh4 Nxg5 14. Qxg5 Bh5 15. Be2 f6 16. Qh4 Bh6 17. Bxh5 gxh5 18. Qxh5 Bg7 19. Qh7+ Kf7 20. Ne4 Rh8 21. Ng5+ fxg5 22. Qf5+ Bf6 23. Qe6+ Kg6 24. O-O-O Rxh1 25. Rxh1 Qd6 26. Qh3 Rh8 27. Qd3+ Kf7 28. Rxh8 Bxh8 29. Qh7+ Bg7 30. Qh5+ Qg6 31. Qf3+ Qf6 32. Qh5+ Kg8 33. Qe8+ Bf8 34. Qh5 Qh6 35. Qg4 Kg7 36. g3 c6 37. f4 exf4 38. gxf4 Qg6 39. d6 exd6 40. Qd7+ Qf7 41. Qxd6 Bxd6 42. fxg5 Qf4+ 43. Kd1 Qxg5 44. b3 Qg1+ 45. Kd2 Kf6 46. Kc3 Ke5 47. a4 b5 48. a5 a6 49. Kb2 Kd4 50. b4 Kc4 51. c3 Qg2+ 52. Ka3 Kd3 53. Kb3 c5 54. bxc5 Bxc5 55. c4 Qc2# 0-1

[Event "Junior Online 4NCL Division 4"]
[Site "online"]
[Date "2021.10.28"]
[EventDate "2021.10.28"]
[Round "6.136"]
[White "Edinburgh, Christian"]
[WhiteElo "800"]
[WhiteTeam "Brentwood School C"]
[Black "Gabb, Percy"]
[BlackElo "1100"]
[BlackTeam "Ojays F"]
[Result "1-0"]
[PlyCount "21"]

1. e4 e5 2. d4 exd4 3. c3 dxc3 4. Bc4 cxb2 5. Bxb2 Nf6 6. Nc3 Bc5 7. Nh3 O-O 8. e5 Nh5 9. Qxh5 Nc6 10. Ng5 Nxe5 11. Qxh7# 1-0

[Event "Junior Online 4NCL Division 4"]
[Site "online"]
[Date "2021.10.28"]
[EventDate "2021.10.28"]
[Round "6.137"]
[White "Gascoyne, Thomas"]
[WhiteElo "1108"]
[WhiteTeam "Ojays F"]
[Black "Stent, Elena"]
[BlackElo "850"]
[BlackTeam "Brentwood School C"]
[Result "1-0"]
[PlyCount "43"]

1. c4 d6 2. Nc3 g6 3. e4 Bg7 4. d3 Nf6 5. Qa4+ c6 6. Qd1 O-O 7. Nf3 e5 8. h3 h6 9. g4 a6 10. Bg2 Nbd7 11. a4 c5 12. b3 a5 13. Be3 g5 14. h4 Nxg4 15. hxg5 hxg5 16. Nxg5 f6 17. Qxg4 fxg5 18. Bxg5 Nf6 19. Qh4 Kf7 20. Qh5+ Ke6 21. Bh3+ Ke7 22. Nd5# 1-0

[Event "Junior Online 4NCL Division 4"]
[Site "online"]
[Date "2021.10.28"]
[EventDate "2021.10.28"]
[Round "6.138"]
[White "Glover, Riley"]
[WhiteElo "800"]
[WhiteTeam "Brentwood School C"]
[Black "Gray, Anna"]
[BlackElo "1000"]
[BlackTeam "Ojays F"]
[Result "0-1"]
[PlyCount "66"]

1. e4 e5 2. Nf3 Nc6 3. Nc3 d6 4. d3 h6 5. Bd2 Bg4 6. Be2 Nf6 7. O-O Be7 8. a4 O-O 9. a5 a6 10. h3 Be6 11. g4 Nd7 12. Ra4 b5 13. axb6 cxb6 14. Qa1 Qc8 15. Nb5 axb5 16. Rxa8 Qxa8 17. Qxa8 Rxa8 18. b4 Ra2 19. Rc1 Ra4 20. c3 d5 21. exd5 Bxd5 22. c4 bxc4 23. dxc4 Bxf3 24. Bxf3 Bxb4 25. Bxb4 Nxb4 26. h4 Nd3 27. Rd1 Ra3 28. Be2 Nf4 29. Rxd7 Nxe2+ 30. Kf1 Nf4 31. Rd8+ Kh7 32. g5 Ra1+ 33. Rd1 Rxd1# 0-1

[Event "Junior Online 4NCL Division 4"]
[Site "online"]
[Date "2021.10.28"]
[EventDate "2021.10.28"]
[Round "6.141"]
[White "Quillaud, Maxime"]
[WhiteElo "1420"]
[WhiteTeam "Desert Penguins Jupiter"]
[Black "Bradshaw, Cleo"]
[BlackElo "1042"]
[BlackTeam "JHJ Shark Tank 9"]
[Result "1-0"]
[PlyCount "61"]

1. d4 d5 2. c4 Nf6 3. Nc3 Nc6 4. Nf3 Bf5 5. Bf4 e6 6. e3 Bb4 7. Be2 O-O 8. O-O Bxc3 9. bxc3 Qd6 10. Bxd6 cxd6 11. cxd5 exd5 12. Bd3 Bxd3 13. Qxd3 Rfe8 14. Rab1 Rad8 15. Rxb7 a5 16. Rfb1 Nd7 17. Qb5 f5 18. Qxc6 f4 19. Rxd7 fxe3 20. Rxd8 Rxd8 21. Qxd5+ Kf8 22. Qf5+ Kg8 23. Qe6+ Kh8 24. Ng5 exf2+ 25. Kxf2 Rf8+ 26. Kg1 h6 27. Nf7+ Rxf7 28. Qxf7 Kh7 29. Qf5+ g6 30. Rb7+ Kh8 31. Qc8# 1-0

[Event "Junior Online 4NCL Division 4"]
[Site "online"]
[Date "2021.10.28"]
[EventDate "2021.10.28"]
[Round "6.142"]
[White "Ashcroft, Arthur"]
[WhiteElo "900"]
[WhiteTeam "JHJ Shark Tank 9"]
[Black "Tengayev, Arman"]
[BlackElo "1314"]
[BlackTeam "Desert Penguins Jupiter"]
[Result "0-1"]
[PlyCount "130"]

1. e4 c5 2. Nf3 d6 3. Bc4 e6 4. d3 Nf6 5. Nc3 Be7 6. O-O Nc6 7. Be3 d5 8. exd5 exd5 9. Bb5 d4 10. Ne5 Qc7 11. Qf3 dxe3 12. Nxc6 exf2+ 13. Rxf2 O-O 14. Re1 bxc6 15. Bxc6 Rb8 16. b3 Bb7 17. Bxb7 Rxb7 18. Rfe2 Bd6 19. g3 Qb6 20. Ne4 Nxe4 21. Qxe4 h6 22. Qf5 Rbb8 23. c4 Qc6 24. a4 Qc8 25. Qd5 Qc7 26. Rf1 Rbc8 27. Re4 Qc6 28. Qxc6 Rxc6 29. d4 cxd4 30. Rxd4 Bc5 31. Rd1 Bxd4+ 32. Rxd4 Re6 33. Kg2 Rfe8 34. Rd7 R6e7 35. Rxe7 Rxe7 36. Kf3 Kf8 37. b4 Ke8 38. a5 Kd7 39. b5 Kc7 40. c5 Re5 41. b6+ axb6 42. axb6+ Kb7 43. h4 Rxc5 44. Kg4 Kxb6 45. Kf4 Kc6 46. g4 g6 47. g5 hxg5+ 48. hxg5 Kd6 49. Kg4 Rf5 50. Kh4 f6 51. gxf6 Rxf6 52. Kg5 Rf1 53. Kxg6 Ke5 54. Kg7 Ke6 55. Kg8 Ke7 56. Kg7 Rg1+ 57. Kh6 Kf7 58. Kh5 Kf6 59. Kh4 Kf5 60. Kh3 Rg8 61. Kh4 Rg7 62. Kh3 Kf4 63. Kh2 Kf3 64. Kh1 Kf2 65. Kh2 Rh7# 0-1

[Event "Junior Online 4NCL Division 4"]
[Site "online"]
[Date "2021.10.28"]
[EventDate "2021.10.28"]
[Round "6.143"]
[White "Dane, James"]
[WhiteElo "1248"]
[WhiteTeam "Desert Penguins Jupiter"]
[Black "Hans-Jee, Sebastian"]
[BlackElo "812"]
[BlackTeam "JHJ Shark Tank 9"]
[Result "1-0"]
[PlyCount "69"]

1. d4 d5 2. c4 dxc4 3. e3 Nc6 4. Bxc4 Nf6 5. Nf3 Bf5 6. Nc3 e6 7. O-O Bb4 8. a3 Bxc3 9. bxc3 O-O 10. Bd3 Bg4 11. h3 Bh5 12. Rb1 Qd6 13. e4 Ne7 14. e5 Qd5 15. exf6 gxf6 16. Re1 Nf5 17. Bxf5 exf5 18. Re7 Rac8 19. Bf4 b6 20. Rxc7 Rxc7 21. Bxc7 Qc4 22. Bf4 Qxc3 23. Ra1 Qb2 24. Qc1 Qe2 25. Nh2 Re8 26. Be3 Re4 27. Qc8+ Kg7 28. Qxf5 Qb2 29. Rf1 Qc2 30. Qxh5 Qa2 31. Qh6+ Kg8 32. Ng4 Qxa3 33. Nxf6+ Kh8 34. Nxe4 Qd3 35. Qf8# 1-0